header

Recreating men (Record no. 200474)

MARC details
000 -LEADER
fixed length control field 01250nam a2200361Ia 4500
082 04 - DEWEY DECIMAL CLASSIFICATION NUMBER
Classification number 305.31
100 1# - MAIN ENTRY--AUTHOR NAME
Personal name Pease, Bob.
245 10 - TITLE STATEMENT
Title Recreating men
260 ## - PUBLICATION, DISTRIBUTION, ETC. (IMPRINT)
Place of publication London ;
-- Thousand Oaks, Calif. :
Name of publisher SAGE,
Year of publication 2000.
300 ## - PHYSICAL DESCRIPTION
Number of Pages vii, 168 p.
650 #0 - SUBJECT ADDED ENTRY--TOPICAL TERM
Topical Term Men.
Topical Term Masculinity.
Topical Term Men's movement.
Topical Term Feminism.
856 40 - ELECTRONIC LOCATION AND ACCESS
Uniform Resource Identifier http://site.ebrary.com/lib/rucke/Doc?id=10567066

No items available.

© 2026 Rongo University
Contact us: librarian | system librarian | Rongo university